LEADER 01177nam0-2200349---450- 001 990005426580403321 005 20140915111154.0 035 $a000542658 035 $aFED01000542658 035 $a(Aleph)000542658FED01 035 $a000542658 100 $a19990604e19651932km-y0itay50------ba 101 0 $ager 102 $aDE 105 $ay-------001yy 200 1 $a<>Kaiser-Idee Karls 5.$edargestellt an der Politik der Jahre 1528-1540$fvon Peter Rassow 210 $aVaduz$cKraus Reprint$d1965 215 $aIX, 452 p.$d23 cm 225 1 $aHistorische Studien$v217 300 $aSul front.: Gedruckt mit Unterstützung des Kaiser-Wilhelms-Instituts für Deutsche Geschichte und des Universitätsbundes Breslau 324 $aRiproduzione facsimilare dell?edizione: Berlin : Ebering, 1932 610 0 $aCarlo 610 0 $aGermania$aStoria$a1519-1556 676 $a943.031092$v21 700 1$aRassow,$bPeter$0390032 801 0$aIT$bUNINA$gRICA$2UNIMARC 901 $aBK 912 $a990005426580403321 952 $a943.03 RAS 2$bST.MED.MOD. 2317$fFLFBC 959 $aFLFBC 996 $aKaiser-Idee Karls 5$9548530 997 $aUNINA LEADER 03481nam 2200613 450 001 9910815209903321 005 20230710053356.0 010 $a1-4426-5409-0 010 $a1-4426-3856-7 024 7 $a10.3138/9781442654099 035 $a(CKB)3710000000922477 035 $a(DE-B1597)479329 035 $a(OCoLC)992471913 035 $a(DE-B1597)9781442654099 035 $a(Au-PeEL)EBL4730386 035 $a(CaPaEBR)ebr11292545 035 $a(OCoLC)962152952 035 $a(MiAaPQ)EBC4730386 035 $a(MdBmJHUP)musev2_107575 035 $a(EXLCZ)993710000000922477 100 $a20161110h19941994 uy 0 101 0 $aeng 135 $aurcnu|||||||| 181 $2rdacontent 182 $2rdamedia 183 $2rdacarrier 200 04$aThe Eldon House diaries $efive women's views of the 19th century /$fedited with an introduction by Robin S. Harris and Terry G. Harris 210 1$aToronto, [Ontario] :$cUniversity of Toronto Press,$d1994. 210 4$d©1994 215 $a1 online resource (647 pages) $cillustrations (some color), maps 225 1 $aThe publications of the Champlain Society. Ontario series ;$v15 311 $a1-4426-3141-4 320 $aIncludes bibliographical references and index. 327 $aCover; Contents; Foreword to the Ontario series by the Honourable Bob Rae, Premier of Ontario; Preface; Introduction; The Eldon House Diaries; The Nature of the Diaries; The Diarists; Beginnings; Who was John Harris?; Who was Amelia Ryerse?; The Kingston Years; Life at Port Ryerse; A New Life in London; The Matriarch of Eldon House; Early Trials and Challenges; A Troubled Household; The Declining Powers of the Matriarch; The View from Eldon House; Life at Eldon House; Social Life and Entertainment; Courtship, Betrothal, and Marriage; Religion and Politics; Health and Healing.; The World Beyond EldonThe End of a Matriarchy; The Eldon House Diaries; The Diary of Charlotte Owen Harris; The Diary of Amelia Ryerse Harris; The Diary of Sophia Ryerson Harris; The Diary of Lucy Ronalds Harris; The Diary of Amelia Archange Harris; Appendices; 1. The Harris Family Tree; 2. John and Amelia Harris' Wedding Certificate, 28 June 1815; 3. Extracts from Amelia Harris, 'Historical Memorandum, ' 1859, 1879; 4. Last Will & Testament of John Harris, 1837; 5. Maurice Portman, Address to the Electors of the the East Riding of Middlesex, 11 June 1861; 6. Last Will & Testament of Amelia Ryerse Harris, 1871, with 1878 and 1882 codicils7. Amelia Harris, 'A Memorandum for my Children, ' 22 January 1881; Bibliography; Index 330 $aA considerable corpus of family papers within the Eldon House and prominent among these papers is a collection of diaries that are excerpted in this volume, encapsulating the personalities, activities, and voices of the Harrises of London. 410 0$aPublications of the Champlain Society.$pOntario series ;$v15. 606 $aWomen$zOntario$zLondon$vDiaries 607 $aLondon (Ont.)$xHistory 607 $aLondon (Ont.)$xDescription and travel 608 $aHistory. 608 $aDiaries. 608 $aElectronic books. 615 0$aWomen 676 $a971.326 702 $aHarris$b Robin Sutton$f1919- 702 $aHarris$b Terry G. 712 02$aChamplain Society. 801 0$bMiAaPQ 801 1$bMiAaPQ 801 2$bMiAaPQ 906 $aBOOK 912 $a9910815209903321 996 $aThe Eldon House diaries$94003676 997 $aUNINA LEADER 03113nam 22006735 450 001 9910300574703321 005 20250609111433.0 010 $a9783319684895 010 $a3319684892 024 7 $a10.1007/978-3-319-68489-5 035 $a(CKB)4100000001041559 035 $a(DE-He213)978-3-319-68489-5 035 $a(MiAaPQ)EBC5149920 035 $a(Perlego)3491134 035 $a(MiAaPQ)EBC6242118 035 $a(EXLCZ)994100000001041559 100 $a20171117d2018 u| 0 101 0 $aeng 135 $aurnn|008mamaa 181 $ctxt$2rdacontent 182 $cc$2rdamedia 183 $acr$2rdacarrier 200 10$aAgroecology $eReweaving a New Landscape /$fby Angela Hilmi 205 $a1st ed. 2018. 210 1$aCham :$cSpringer International Publishing :$cImprint: Palgrave Macmillan,$d2018. 215 $a1 online resource (XIII, 94 p. 27 illus. in color.) 225 1 $aPalgrave pivot 311 08$a9783319684888 311 08$a3319684884 320 $aIncludes bibliographical references at the end of each chapters and index. 327 $a1. The Natural Movements of Life -- 2. Burying Sustainable Development -- 3. Finding the Acupoints -- 4. The Threads of Repair -- 5. Pleasure. 330 $aThis book argues that sustainable development, based on sustained growth, has led us to an impasse. In response, Agroecology brings back and utilises notions of eco-development and co-evolution with nature as a refreshing paradigm. It also proposes a further shift in mindset with the notion of being within, or looking at agroecology as a way to reconnect and rebuild relationships and movement within farming systems and beyond. Rather than linear technical fixes, it considers the critical nodes of tension, the inflection points, or acupoints, which can trigger a transition towards greater harmony and well-being. The book also draws from a concrete example of agroecology by examining a pilot project in Mozambique testing new approaches to investments and peasant farming that will inspire farming communities, researchers, policy makers and development organizations alike, to build greater autonomy and self-determination. 410 0$aPalgrave pivot. 606 $aEcology 606 $aApplied ecology 606 $aPhysical geography 606 $aEnvironmental management 606 $aSustainability 606 $aEnvironmental Sciences 606 $aApplied Ecology 606 $aPhysical Geography 606 $aEnvironmental Management 606 $aSustainability 615 0$aEcology. 615 0$aApplied ecology. 615 0$aPhysical geography. 615 0$aEnvironmental management. 615 0$aSustainability. 615 14$aEnvironmental Sciences. 615 24$aApplied Ecology. 615 24$aPhysical Geography. 615 24$aEnvironmental Management. 615 24$aSustainability. 676 $a577.55 700 $aHilmi$b Angela$4aut$4http://id.loc.gov/vocabulary/relators/aut$0855605 906 $aBOOK 912 $a9910300574703321 996 $aAgroecology$91910245 997 $aUNINA